000 00857cam a22002413a 4500
001 30822
003 PGUSA
005 20140828083651.0
008 100101s2010||||xxu|||||s|||||000 | eng d
040 _aPGUSA
_beng
042 _adc
050 4 _aE456
100 1 _aParker, Ezra Knight,
_d1832-
245 1 0 _aCampaign of Battery D, First Rhode Island Light Artillery
_h[electronic resource] /
_cEzra Knight Parker
260 _bProject Gutenberg,
_c2010
506 _aPublic domain in the USA.
516 _aElectronic text
653 _aUnited States -- History -- Civil War, 1861-1865 -- Personal narratives
653 _aUnited States -- History -- Civil War, 1861-1865 -- Regimental histories -- Rhode Island Artillery -- 1st -- Battery D
830 0 _aProject Gutenberg
_v30822
856 4 0 _uhttp://www.gutenberg.org/ebooks/30822
942 _cEB
999 _c260077
_d260077